1698 1806 1538 1141 1922 1923 1398 1611 1490 1177 1316 1402 1850 1115 1587 1180 1018 1401 1627 1881 1135 1427 1503 1659 1358 1564 1289 1303 1571 1550 1059 1444 1717 1634 1387 1893 1318 1057 1358 1814 1553 1390 1343 1981 1112 1072 1261 1249 1362 1321 1398 1272 1533 1536 1046 1607 1728 1442 1691 1986 1954 1975 1575 1192 1107 1687 1728 1220 1289 1152 1107 1937 1757 1907 1802 1251 1951 1970 1450 1463 1675 1063 1108 1664 1041 1734 1575 1985 1048 1780 1784 1605 1257 1260 1736 1266 1874 1814 1613 BCNSPRNW ULIB Ver.6.0+V

เปลี่ยนเป็นภาษาไทย

Change to English
 แสดงรายละเอียดบรรณานุกรม
  กลับหน้าหลัก

Brief Record : Get Marc (ISO 2709) : E-mail record : QR code < ปิดหน้าต่าง
LEADER : 00000nam 2200000uu 4500
001    13399113516
003     ULIB
008    110627s2550||||th 000 0 tha d
020    9789747519174
090    นว.^bก385ด 2550
100 0  กัณทิรา
245 00 เดิมพันหัวใจ/^cกัณทิรา
250    พิมพ์ครั้งที่ 1
260    กรุงเทพฯ :^bSugar Beat,^c2550
300    331 หน้า
710 1  Sugar Beat
945    ^p230^l0^i022037
995    ทศพร
999 ^a ใช้งานได้ทุกระบบ
รายการนี้ยังไม่มีแท็ก
คุณยังไม่ได้ล็อกอิน คุณสามารถมีกิจกรรมร่วมกับเว็บไซต์ได้ แต่ต้องล็อกอินก่อน ::
  ล็อกอิน

รายการสื่อสารสนเทศ

ลำดับที่ ประเภท เลขเรียก/บาร์โค้ด สถานที่ สถานะ
1. นวนิยาย
นวนิยาย
นว. ก385ด 2550 ฉ.1 
  Barcode: 022037
ห้องสมุดวิทยาเขตสวรรค์ประชารักษ์
►นวนิยาย
บนชั้น
  ขอยืม

BibComment


ยังไม่เคยถูกคอมเมนท์

คอมเมนท์ทรัพยากรรายการนี้
  คอมเมนท์: เดิมพันหัวใจ กัณท..


 Copyright 2026. Bcnsprnw @Library